[Event "ICS rated bullet match"]
[Site "207.99.83.227"]
[Date "1999.04.15"]
[Round "?"]
[White "xypher"]
[Black "Hossa"]
[Result "1-0"]
[WhiteElo "2716"]
[BlackElo "2427"]
[Annotator "Crafty v16.6"]
[PlyCount "95"]

{annotating for player Hossa using a scoring margin of +0.10 pawns. search
time limit is 20.00} 1. e4 1... d6 2. d4 Nf6 3. Nc3 Nbd7 4. Nf3 e5 5. Bc4 exd4
6. Nxd4 Be7 7. O-O Ne5 8. Be2 O-O 9. f4 Nc6 ({9:+0.15} 9... Nc6 10. Nxc6 bxc6
11. Be3 Qd7 12. Bc4 Ng4 13. Bd4 Rb8 14. Rb1 $10) ({9:+0.35} 9... Ng6 10. Nf3
Bd7 11. f5 Nh8 12. Bg5 Bc6 13. e5 Ne4 14. Nxe4 14... Bxe4 $15) 10. Nf3 Be6 11.
f5 Bd7 12. Bf4 Re8 13. Rc1 Ng4 ({9:+0.23} 13... Ng4 14. Nd5 Bf6 15. h3 Nge5 16.
Nxf6+ Qxf6 17. Nxe5 Nxe5 18. Qd5 Bc6 19. Qd4 $10) ({9:+0.36} 13... Nh5 14. Be3
Bf6 15. Nd4 Nxd4 16. Bxd4 c5 17. Bxf6 Nxf6 18. Qxd6 Nxe4 19. Nxe4 19... Rxe4
$15) 14. Nd5 Bf6 15. h3 Nge5 16. c3 Nxf3+ 17. gxf3 Kh8 ({9:+0.39} 17... Kh8 18.
Nxf6 Qxf6 19. Bg3 Qh6 20. h4 Qe3+ 21. Bf2 Qf4 22. Qd5 22... Kg8 $15) ({9:+0.65
} 17... Bg5 18. Qd2 Bxf4 19. Qxf4 Ne5 20. Rfd1 c6 21. Ne3 Qf6 22. Bc4 Nxc4 23.
Nxc4 $15) 18. Qb3 Bxf5 ({8:-1.01} 18... Bxf5 19. Qxb7 Bd7 20. Qxc7 Be5 21. Qxd8
Raxd8 22. Bxe5 Nxe5 23. h4 $16) ({8:+0.48} 18... b6 19. Be3 Bh4 20. Rfd1 Kg8
21. Qc4 Re5 22. Bf4 $15) 19. Qxb7 Bxh3 ({9:-1.72} 19... Bxh3 20. Qxc6 Bxf1 21.
Kxf1 Bg5 22. Bxg5 Qxg5 23. Rd1 Qg3 24. Qxc7 $18) ({9:-0.99} 19... Bd7 20. Qxc7
Be5 21. Bxe5 Nxe5 22. f4 Qh4 23. Rf2 Qh6 24. Rd1 $16) 20. Qxc6 Bxf1 21. Kxf1
Bg5 22. Bxg5 Qxg5 23. Rc2 Red8 24. Qxc7 Qg3 25. Qxf7 Rf8 26. Qb7 a5 27. Qd7
Rae8 28. Ne3 Rxf3+ 29. Bxf3 Qxf3+ 30. Rf2 Qh1+ 31. Ke2 Qxe4 32. Rf3 Qc2+ 33.
Kf1 Qd3+ 34. Kg2 Qe2+ 35. Kg1 Rg8 36. Qb7 g5 37. Qe4 Qe1+ 38. Kg2 Rb8 39. Rf2
Rd8 40. Qd4+ Kg8 41. Ng4 Qe6 42. Nf6+ Qxf6 43. Qxf6 Rb8 44. Qxg5+ Kh8 45. Qf6+
Kg8 46. Kh2 h6 47. Rg2+ Kh7 48. Qg7# 1-0

[Event "ICS rated bullet match"]
[Site "207.99.83.227"]
[Date "1999.04.15"]
[Round "?"]
[White "Hossa"]
[Black "xypher"]
[Result "1-0"]
[WhiteElo "2422"]
[BlackElo "2727"]
[PlyCount "117"]

1. e4 e5 2. Nf3 Nc6 3. Bb5 a6 4. Bxc6 dxc6 5. O-O f6 6. d4 Bg4 7. dxe5 Qxd1 8.
Rxd1 fxe5 9. Rd3 Bd6 10. Bg5 Nf6 11. Nbd2 h6 12. Bxf6 gxf6 13. Rd1 Be6 14. Nh4
Bc5 15. Ng6 Rg8 16. Nh4 Bxa2 17. b3 Bb4 18. Nf5 Rg4 19. Nxh6 Rh4 20. Nf5 Rf4
21. Kf1 Bc5 22. f3 Bb4 23. g3 Bxd2 24. Ng7+ Kf8 25. Ne6+ Ke7 26. Nxf4 exf4 27.
R3xd2 fxg3 28. hxg3 Rh8 29. Rd7+ Ke6 30. f4 f5 31. exf5+ Kxf5 32. Kg2 Rh5 33.
Rxc7 Ke6 34. Rxb7 Rc5 35. Rc1 Rc3 36. g4 a5 37. Ra7 Kf6 38. g5+ Kg6 39. f5+
Kxg5 40. Kf2 Kf6 41. Ke2 Bxb3 42. Kd2 Rxc2+ 43. Rxc2 Bxc2 44. Kxc2 Kxf5 45. Kd3
Ke6 46. Kd4 a4 47. Rxa4 Kd6 48. Ra5 Kd7 49. Kc5 Ke6 50. Kxc6 Ke7 51. Kd5 Kf7
52. Ke5 Ke7 53. Ra7+ Kd8 54. Ke6 Kc8 55. Kd6 Kb8 56. Rc7 Ka8 57. Kc6 Kb8 58.
Kb6 Ka8 59. Rc8# {xypher checkmated} 1-0

[Event "ICS rated blitz match"]
[Site "207.99.83.227"]
[Date "1999.04.15"]
[Round "?"]
[White "lunarlander"]
[Black "Hossa"]
[Result "0-1"]
[WhiteElo "2249"]
[BlackElo "2545"]
[PlyCount "54"]

1. e4 c5 2. Nf3 Nc6 3. c3 Nf6 4. e5 Nd5 5. d4 cxd4 6. cxd4 d6 7. a3 Bg4 8. Be2
e6 9. O-O Bxf3 10. Bxf3 dxe5 11. dxe5 Bc5 12. Bxd5 Qxd5 13. Qxd5 exd5 14. Nc3
O-O 15. Nxd5 Rad8 16. Rd1 Bd4 17. Ne3 Nxe5 18. Kf1 Bb6 19. Nd5 Ng4 20. Be3 Rxd5
21. Rxd5 Bxe3 22. h3 Nxf2 23. Re1 Bb6 24. Re2 Rc8 25. Rxf2 Rc1+ 26. Ke2 Rc2+
27. Kd1 27... Rxf2 {lunarlander resigns} 0-1

[Event "ICS rated blitz match"]
[Site "207.99.83.227"]
[Date "1999.04.15"]
[Round "?"]
[White "Roller"]
[Black "Hossa"]
[Result "1-0"]
[WhiteElo "2640"]
[BlackElo "2550"]
[Annotator "Crafty v16.6"]
[PlyCount "133"]

{annotating for player Hossa using a scoring margin of +0.10 pawns. search
time limit is 20.00} 1. e4 1... d6 2. d4 Nf6 3. Nc3 Nbd7 4. Nf3 e5 5. Bc4 exd4
6. Qxd4 Nb6 7. Be2 Be7 8. Bf4 O-O 9. O-O d5 ({8:-0.45} 9... d5 10. exd5 Nbxd5
11. Nxd5 Nxd5 12. Be5 f6 13. Bg3 Bf5 14. Rad1 $14) ({8:-0.17} 9... Bg4 10. Rad1
Nh5 11. e5 Nxf4 12. Qxf4 Be6 13. exd6 Bxd6 14. Ne5 $10) 10. exd5 Nbxd5 11. Nxd5
Nxd5 12. Be5 c5 13. Qe4 Nf6 14. Qa4 Bf5 ({9:-0.26} 14... Bf5 15. Rad1 Qc8 16.
Bd3 Bxd3 17. Rxd3 Qe6 18. Rb3 Ng4 19. Qe4 Nxe5 20. Nxe5 $10) ({9:-0.15} 14...
Ng4 15. Rad1 Qb6 16. Bc3 Bf6 17. Qc4 Bxc3 18. Qxc3 Qe6 19. Bc4 $10) 15. Rfd1
Qb6 16. Bd3 Bxd3 ({8:-0.44} 16... Bxd3 17. Rxd3 Qb4 18. Qxb4 cxb4 19. Rd4 Rac8
20. Rc1 Rc6 21. Ng5 $14) ({8:-0.31} 16... Qe6 17. Qf4 Bxd3 18. Rxd3 Rad8 19.
Ng5 $14) 17. Rxd3 a6 ({9:-0.69} 17... a6 18. Rb3 Qa7 19. Qf4 b5 20. Rd1 c4 21.
Re3 21... Qc5 $14) ({9:-0.40} 17... Qb4 18. Qxb4 cxb4 19. Nh4 Ng4 20. Nf5 Bf6
21. Bxf6 Nxf6 22. Nd6 22... Rab8 $14) 18. Re1 Rad8 ({9:-0.85} 18... Rad8 19.
Rde3 Nd5 20. Rb3 Qa7 21. Qe4 Rfe8 22. Rd3 22... Nb4 $16) ({9:-0.45} 18... Qb4
19. Qxb4 cxb4 20. Nh4 Rfe8 21. Nf5 Bc5 22. Rg3 g6 23. Rg5 $14) 19. Rb3 Qa7 20.
c4 Kh8 21. Rbe3 Ng8 22. Bc7 b5 23. Qa5 Rd7 24. Bb6 Qb7 25. cxb5 axb5 26. Qxb5
Bd6 27. a4 Re7 28. Rd3 Rxe1+ 29. Nxe1 Be7 30. a5 Nf6 31. a6 Qb8 32. Nf3 Bd8 33.
a7 Qxb6 34. Qa4 Bc7 35. a8=Q Rxa8 36. Qxa8+ Ng8 37. Ng5 Qg6 38. Qd5 h6 39.
Nxf7+ Kh7 40. Rd1 Nf6 41. Qd3 Ng4 42. Qxg6+ Kxg6 43. Nd6 Kh7 44. h3 Nf6 45. b3
Ba5 46. f3 Bb4 47. Kf2 Nd7 48. Ne4 Nf8 49. Ke3 Ne6 50. f4 g5 51. fxg5 hxg5 52.
Rd5 Kg6 53. g3 Ba3 54. Kd3 Bb2 55. Nxc5 Nxc5+ 56. Rxc5 Ba3 57. Kc4 Bxc5 58.
Kxc5 Kf7 59. Kd6 Ke8 60. b4 Kd8 61. b5 Ke8 62. b6 Kf7 63. b7 Kf6 64. b8=Q Kg7
65. Qc7+ Kg8 66. Ke6 Kf8 67. Qf7# 1-0

[Event "ICS rated blitz match"]
[Site "207.99.83.227"]
[Date "1999.04.15"]
[Round "?"]
[White "psz"]
[Black "Hossa"]
[Result "0-1"]
[WhiteElo "2335"]
[BlackElo "2547"]
[PlyCount "82"]

1. e4 e5 2. f3 Bc5 3. Nc3 Bxg1 4. Rxg1 Qh4+ 5. g3 Qxh2 6. Rg2 Qh1 7. d4 d6 8.
Be3 c6 9. dxe5 dxe5 10. Qe2 Bh3 11. Rg1 Bxf1 12. Qxf1 Qh5 13. O-O-O Nd7 14.
Rxd7 Kxd7 15. Qd3+ Kc7 16. Rd1 Nf6 17. Qd6+ Kc8 18. Na4 Re8 19. Bxa7 Qh6+ 20.
Kb1 Nd5 21. Qxh6 gxh6 22. Nb6+ Nxb6 23. Bxb6 Ra6 24. Be3 Re6 25. g4 Rf6 26. Rf1
Ra5 27. a3 Kc7 28. Kc1 Ra4 29. Rf2 b6 30. Kd2 Ra5 31. Ke1 Kb7 32. Kf1 c5 33.
Kg2 Rb5 34. c3 Rg6 35. Kh3 Ra5 36. Kh4 Ra8 37. Rh2 Rd8 38. Kg3 Rd3 39. Bxh6 Rf6
40. Rh5 Rfxf3+ 41. Kh4 41... f6 {psz resigns} 0-1

[Event "ICS rated blitz match"]
[Site "207.99.83.227"]
[Date "1999.04.15"]
[Round "?"]
[White "Hossa"]
[Black "BountyHunter"]
[Result "0-1"]
[WhiteElo "2554"]
[BlackElo "2854"]
[Annotator "Crafty v16.6"]
[PlyCount "87"]

{annotating for player Hossa using a scoring margin of +0.10 pawns. search
time limit is 20.00} 1. e4 1... e5 2. Nf3 Nc6 3. Bc4 Bc5 4. c3 Qe7 5. O-O Nf6
6. d4 Bb6 7. d5 ({8:-0.04} 7. d5 7... Nd8 8. Bg5 O-O 9. Nh4 Qc5 10. Qd3 10...
Qd6 $10) ({8:+0.18} 7. Bg5 7... O-O 8. Bd5 d6 9. Na3 Bg4 10. Nc4 exd4 11. Nxb6
axb6 12. Bxc6 bxc6 13. Qxd4 $10) 7... Nd8 8. Bg5 d6 9. Nfd2 h6 10. Bh4 c6 11.
dxc6 bxc6 12. Qf3 g5 13. Bg3 h5 14. h4 Ng4 15. hxg5 h4 16. Bh2 Qxg5 17. Qe2
Nxh2 18. Kxh2 Rg8 19. Qf3 ({9:-3.97} 19. Qf3 19... Bg4 20. Qd3 Be2 21. Qh3 Bxf1
22. Nxf1 Qf4+ 23. Kh1 23... Bxf2 $19) ({9:-3.82} 19. Rg1 19... Bxf2 20. Qf3
Bxg1+ 21. Kxg1 h3 22. Bf1 hxg2 23. Bxg2 Bg4 24. Qd3 24... Rg6 $19) 19... Bg4
20. Qd3 Be2 21. Qh3 Bxf1 22. Bxf1 Qf4+ 23. Kh1 Qxf2 24. Qh2 Be3 25. g3 Qe1 26.
Qe2 Bxd2 27. Qxe1 Bxe1 28. gxh4 Rg4 29. h5 Rh4+ 30. Kg1 Rxe4 31. Na3 Rg4+ 32.
Kh1 Bg3 33. Nc4 d5 34. Nd6+ Kf8 35. Nf5 Bf4 36. Be2 Rg5 37. Nh4 Rb8 38. b3 Rg3
39. Ng2 Bd2 40. Kh2 Rxc3 41. Bg4 e4 42. Bf5 Rc2 43. Bg4 Bc3 44. Rf1 0-1

[Event "ICS rated blitz match"]
[Site "207.99.83.227"]
[Date "1999.04.15"]
[Round "?"]
[White "Data"]
[Black "Hossa"]
[Result "1-0"]
[WhiteElo "2855"]
[BlackElo "2549"]
[PlyCount "103"]

1. e4 d6 2. d4 g6 3. Nf3 Bg7 4. Bd3 Bg4 5. Be2 Nf6 6. Nc3 O-O 7. O-O Nc6 8. Bg5
Bxf3 9. Bxf3 e5 10. dxe5 Nxe5 11. Be2 Qd7 12. Qd2 Nfg4 13. Nd5 f6 14. Bf4 c6
15. h3 Nxf2 16. Nc3 Nxh3+ 17. gxh3 Qxh3 18. Qxd6 Rfd8 19. Qb4 Rd7 20. Rad1 Kh8
21. Rxd7 Qxd7 22. Rd1 Qc7 23. Kh1 h6 24. Qc5 Qc8 25. Qe7 Qh3+ 26. Kg1 b5 27.
Bxe5 Qe3+ 28. Kg2 fxe5 29. Rd3 Qc1 30. Rd6 Qxb2 31. Rxc6 Qxc2 32. Rxg6 Rg8 33.
Qc5 a5 34. a3 Qb2 35. Qe3 b4 36. axb4 axb4 37. Nd5 Qa3 38. Qd2 b3 39. Nf6 Qa8
40. Kh2 Qf8 41. Bc4 b2 42. Qxb2 Qxf6 43. Rxf6 Bxf6 44. Bxg8 Kxg8 45. Qb5 Kf8
46. Qf1 Ke7 47. Qf5 Kf7 48. Kg3 Ke7 49. Qh7+ Ke6 50. Qxh6 Kf7 51. Qh7+ Bg7 52.
Kg4 {Hossa resigns} 1-0

[Event "ICS rated blitz match"]
[Site "207.99.83.227"]
[Date "1999.04.15"]
[Round "?"]
[White "Hossa"]
[Black "TDChess"]
[Result "1/2-1/2"]
[WhiteElo "2544"]
[BlackElo "2539"]
[PlyCount "163"]

1. e4 e6 2. Nf3 d5 3. Nc3 Nf6 4. exd5 exd5 5. Bb5+ c6 6. Bd3 Be7 7. O-O O-O 8.
Re1 Bd6 9. Be2 Ne4 10. d3 Nxc3 11. bxc3 Re8 12. Be3 Qc7 13. Bd4 Na6 14. Qd2 c5
15. Be3 f5 16. Bg5 h6 17. Bxh6 gxh6 18. Qxh6 Re7 19. Bf1 Rf7 20. Re8+ Bf8 21.
Nh4 Qc6 22. Ng6 Qf6 23. Rae1 Nc7 24. Ne7+ Rxe7 25. Qxf6 Nxe8 26. Qg5+ Rg7 27.
Qf4 Nc7 28. c4 d4 29. Be2 Re7 30. Qg5+ Rg7 31. Qh5 Re7 32. Qg6+ Rg7 33. Qf6 Rf7
34. Qh4 Re7 35. Kh1 Na6 36. a3 Bd7 37. Qg5+ Rg7 38. Qh5 Re8 39. h3 Nc7 40. Rg1
Rh7 41. Qg5+ Rg7 42. Qd2 Bc6 43. Bh5 Re6 44. Qf4 Bd6 45. Qc1 Ne8 46. Qd1 Nf6
47. Bf3 Be8 48. Qd2 Bh5 49. Bxh5 Nxh5 50. Qa5 Nf4 51. Qxa7 Reg6 52. g3 Nxh3 53.
Rf1 Nxf2+ 54. Rxf2 Rxg3 55. Qa8+ Kf7 56. Rxf5+ Kg6 57. Rf2 Rh7+ 58. Rh2 Rxh2+
59. Kxh2 Rxd3+ 60. Kg2 Rd2+ 61. Kf3 Rxc2 62. Qxb7 Kf6 63. Qd5 Rc3+ 64. Kg4 Rg3+
65. Kh4 Ke7 66. a4 Ra3 67. Qa8 Bc7 68. Qb7 Kd7 69. Qb2 Re3 70. Qb5+ Kd6 71. a5
d3 72. Qa6+ Kd7 73. Qb7 Re6 74. Qd5+ Rd6 75. Qxc5 Bd8+ 76. Kg4 d2 77. Qf5+ Kc7
78. Qc5+ Kd7 79. Qf5+ Kc7 80. Qc5+ Kd7 81. Qf5+ Kc7 82. Qc5+ {
Game drawn by repetition} 1/2-1/2

[Event "ICS Rated blitz match"]
[Site "207.99.83.227"]
[Date "1999.04.15"]
[Round "?"]
[White "Hossa"]
[Black "TDChess"]
[Result "0-1"]
[WhiteElo "2528"]
[BlackElo "2547"]
[Annotator "Crafty v16.6"]
[PlyCount "158"]

{annotating for player Hossa using a scoring margin of +0.10 pawns. search
time limit is 10.00} 1. e4 1... d5 2. exd5 Qxd5 3. Nc3 Qe6+ 4. Be2 Qg6 5. Bf3
Nc6 6. d3 ({8:+0.12} 6. d3 6... Nd4 7. Be4 f5 8. Nd5 Qc6 9. Nxe7 Nxc2+ 10. Kf1
$10) ({8:+0.64} 6. Nge2 6... Bf5 7. Nb5 Bxc2 8. Nxc7+ Kd7 9. Nf4 Qf5 10. Bg4
Bxd1 11. Bxf5+ Kxc7 12. Kxd1 $14) 6... Nd4 7. Be4 f5 8. Bf3 Qb6 9. Bh5+ ({
7:+0.03} 9. Bh5+ 9... g6 10. Be2 Qc5 11. Nf3 Nxe2 12. Nxe2 Qb4+ 13. c3 13...
Qg4 $10) ({7:+0.31} 9. Nce2 9... Nxf3+ 10. Nxf3 Bd7 11. O-O O-O-O 12. Ne5 Qd6
13. Bf4 $14) 9... g6 10. Be2 Bh6 11. Nf3 Nxe2 12. Nxe2 Bd7 13. O-O O-O-O 14.
Re1 Bxc1 15. Qxc1 Nf6 16. d4 Kb8 17. Ne5 Be8 18. a4 Qa5 19. Qe3 Nd5 20. Qb3 Rf8
21. c4 Nb6 22. Qa3 Nc8 23. Nf4 Rd6 24. d5 Qd2 25. Ne6 Rg8 26. Rad1 Qa5 27. b3
g5 28. Kh1 h6 29. Qb2 Bh5 30. Ra1 c5 31. Qa3 Be8 32. Nxc5 Qd2 33. Kg1 Bh5 34.
Ne6 a5 35. Qc5 Qb4 36. Qxb4 axb4 37. Nd4 Rf8 38. Nd3 f4 39. Ne5 Rff6 40. f3 Be8
41. Nd3 Bg6 42. Nxb4 Rb6 43. Nb5 Be8 44. c5 Rxb5 45. axb5 Bxb5 46. Kf2 Rg6 47.
Ra5 Bd7 48. Nd3 Kc7 49. Ne5 Rf6 50. b4 Kd8 51. b5 b6 52. Nxd7 Kxd7 53. c6+ Kc7
54. Ra8 Rd6 55. Re5 Rd8 56. Rxe7+ Nxe7 57. Rxd8 Kxd8 58. d6 Nc8 59. d7 Nd6 60.
Ke2 Nxb5 61. Kd3 Na7 62. Ke4 b5 63. c7+ Kxd7 64. g3 b4 65. gxf4 gxf4 66. Kd3
Nc6 67. c8=Q+ Kxc8 68. h4 Ne5+ 69. Kc2 Nxf3 70. h5 Nd4+ 71. Kd3 b3 72. Kxd4 b2
73. Ke5 b1=Q 74. Kf6 f3 75. Ke6 f2 76. Kf6 f1=Q+ 77. Ke5 Qbf5+ 78. Kd6 Q1d3+
79. Kc6 Qfb5# 0-1

[Event "ICS Rated blitz match"]
[Site "207.99.83.227"]
[Date "1999.04.15"]
[Round "?"]
[White "inmortal"]
[Black "Hossa"]
[Result "0-1"]
[WhiteElo "2328"]
[BlackElo "2507"]
[PlyCount "60"]

1. e4 e5 2. Nf3 Nc6 3. Bc4 Bc5 4. b4 Bxb4 5. c3 Bd6 6. O-O Nf6 7. Re1 Na5 8.
Bf1 O-O 9. d4 Re8 10. dxe5 Bxe5 11. Nxe5 Rxe5 12. f4 Re7 13. e5 Ne8 14. f5 Kh8
15. Bd3 f6 16. exf6 Nxf6 17. Bg5 Rf7 18. Nd2 Qf8 19. Nf3 Nc6 20. Qa4 Qc5+ 21.
Kh1 Qxc3 22. Rad1 d6 23. Qh4 Bd7 24. Bc1 Rff8 25. Ng5 Ne5 26. Bb1 Rae8 27. Re3
Qc4 28. Ne4 Bxf5 29. Rc3 Qb4 30. Nxf6 30... Qxh4 {inmortal resigns} 0-1

[Event "ICS Rated blitz match"]
[Site "207.99.83.227"]
[Date "1999.04.15"]
[Round "?"]
[White "Hossa"]
[Black "inmortal"]
[Result "1-0"]
[WhiteElo "2515"]
[BlackElo "2320"]
[PlyCount "35"]

1. e4 e5 2. Nf3 Nc6 3. Bc4 Bc5 4. c3 Nf6 5. d4 exd4 6. e5 d5 7. Bb5 Ne4 8. cxd4
Bb6 9. Nc3 O-O 10. O-O Bg4 11. Bxc6 bxc6 12. Qd3 f5 13. Nd2 Bh5 14. Nb3 Qh4 15.
f3 Ng5 16. g3 Qh3 17. Bxg5 Rae8 18. Ne2 {inmortal resigns} 1-0

[Event "ICS Rated standard match"]
[Site "207.99.83.227"]
[Date "1999.04.15"]
[Round "?"]
[White "Hossa"]
[Black "raw-pawn"]
[Result "1-0"]
[WhiteElo "2247"]
[BlackElo "1982"]
[PlyCount "89"]

1. e4 c5 2. Bc4 d6 3. Nf3 Nf6 4. e5 dxe5 5. Nxe5 e6 6. O-O Nbd7 7. Nxd7 Bxd7 8.
d3 Bd6 9. Bg5 h6 10. Bh4 g5 11. Bg3 Qc7 12. Bxd6 Qxd6 13. Qf3 Ke7 14. Qxb7 Rhb8
15. Qf3 Bc6 16. Qh3 g4 17. Qe3 h5 18. b3 h4 19. Nc3 Rg8 20. Rad1 g3 21. fxg3
Ng4 22. Qf4 Qxf4 23. Rxf4 hxg3 24. h3 Ne3 25. Rd2 Nxc4 26. Rxc4 f5 27. Rxc5 Kd6
28. b4 f4 29. Ne4+ Bxe4 30. dxe4+ Ke7 31. c4 Rad8 32. Rc7+ Kf6 33. Rcd7 Rxd7
34. Rxd7 a5 35. a3 axb4 36. axb4 Ra8 37. Rd1 Ke5 38. b5 Kxe4 39. b6 f3 40.
gxf3+ Kxf3 41. c5 Ra2 42. Rf1+ Ke3 43. c6 Rh2 44. b7 g2 45. Re1+ {
raw-pawn resigns} 1-0

[Event "ICS Rated blitz match"]
[Site "207.99.83.227"]
[Date "1999.04.15"]
[Round "?"]
[White "rb"]
[Black "Hossa"]
[Result "1/2-1/2"]
[WhiteElo "2310"]
[BlackElo "2534"]
[PlyCount "145"]

1. e4 d6 2. d4 Nf6 3. Nc3 Nbd7 4. Bg5 e5 5. Nf3 Be7 6. Be2 O-O 7. O-O c5 8.
dxe5 dxe5 9. b3 h6 10. Bh4 Kh8 11. h3 Qc7 12. Qc1 b6 13. Nd5 Nxd5 14. exd5 Bd6
15. Qe3 Bb7 16. c4 Rg8 17. Bd3 Raf8 18. Bg3 Re8 19. Ng5 Nf6 20. Ne4 Nh5 21.
Nxd6 Qxd6 22. Qe4 Nf6 23. Qf3 b5 24. Qe3 Nh5 25. Qe4 Nf6 26. Qe2 Qe7 27. Rae1
e4 28. Qe3 Qf8 29. Be2 Nd7 30. Bg4 Nf6 31. d6 Nxg4 32. hxg4 bxc4 33. Qxc5 cxb3
34. Qxa7 Bc6 35. axb3 Bb5 36. Qd4 f5 37. Be5 Bxf1 38. Kxf1 fxg4 39. Rxe4 Qf7
40. Rxg4 Qxb3 41. Bxg7+ Kh7 42. Kg1 Re6 43. Kh2 Qb5 44. f3 h5 45. Rg3 Qf5 46.
d7 Rd8 47. Qh4 Rxd7 48. Rg5 Qxg5 49. Qxg5 Rxg7 50. Qf5+ Rgg6 51. Qf7+ Kh6 52.
Qf4+ Kg7 53. Qd4+ Kh7 54. Qd7+ Kh6 55. Qd2+ Kg7 56. g3 Re7 57. Qd4+ Kh7 58. Qh4
Re2+ 59. Kh3 Re5 60. g4 Rgg5 61. Qf2 Re7 62. Qc2+ Kh8 63. Kh4 Ree5 64. Qc3 Kg8
65. Qc8+ Kg7 66. Qc7+ Kf6 67. Qb6+ Kf7 68. Qb7+ Kg6 69. Qa6+ Kg7 70. Qa7+ Kg6
71. Qa6+ Kg7 72. Qa7+ Kg6 73. Qa6+ {Game drawn by repetition} 1/2-1/2

[Event "ICS Rated blitz match"]
[Site "207.99.83.227"]
[Date "1999.04.15"]
[Round "?"]
[White "Hossa"]
[Black "lambChop"]
[Result "0-1"]
[WhiteElo "2525"]
[BlackElo "2471"]
[Annotator "Crafty v16.6"]
[PlyCount "133"]

{annotating for player Hossa using a scoring margin of +0.10 pawns. search
time limit is 10.00} 1. e4 1... e5 2. Nf3 Nf6 3. Nc3 Nc6 4. Bc4 ({8:-0.21} 4.
Bc4 4... Bc5 5. O-O O-O 6. Qe2 Qe7 7. Nd5 Nxd5 8. Bxd5 $10) ({8:+0.00} 4. Bb5
4... Bb4 5. O-O O-O 6. Bxc6 dxc6 7. Nxe5 Bxc3 8. dxc3 8... Nxe4 $10) 4... Bb4
5. d3 ({8:-0.19} 5. d3 5... d6 6. O-O O-O 7. Nd5 Nxd5 8. Bxd5 Bg4 9. Be3 $10) (
{8:-0.04} 5. O-O 5... O-O 6. Nd5 Bd6 7. d3 Nxd5 8. Bxd5 Nd4 9. Nxd4 9... exd4
$10) 5... d5 6. exd5 Bxc3+ 7. bxc3 Nxd5 8. O-O ({8:+0.02} 8. O-O 8... Bg4 9.
Bg5 Qd6 10. Bxd5 Qxd5 11. c4 Bxf3 12. cxd5 Bxd1 13. Raxd1 $10) ({8:+0.27} 8.
Ng5 8... f6 9. Qf3 Nce7 10. Ne4 O-O 11. O-O 11... Bf5 $10) 8... O-O 9. Qe1 f6
10. Rb1 ({9:+0.56} 10. Rb1 10... Rf7 11. Bd2 Rb8 12. Qe4 Be6 13. Rb5 Rd7 14.
Rc5 $14) ({9:+0.90} 10. Qe4 10... Be6 11. Nd4 Nxd4 12. cxd4 Re8 13. dxe5 Nc3
14. Qg4 Bxc4 15. Qxc4+ $16) 10... b6 11. Bb5 Na5 12. c4 Ne7 13. Qe4 Bf5 14. Qe3
c6 15. Ba4 Nb7 16. Ba3 c5 17. Rbe1 Nd6 18. Nd2 Qc8 19. Bb2 Qa6 20. Bb3 Ng6 21.
Kh1 Kh8 22. Nb1 Qb7 23. Nc3 Nf4 24. Nd5 Ne6 25. Qg3 Rae8 26. Qh4 Rf7 27. Bc3
Qc6 28. Qh5 h6 29. f4 Nxf4 30. Nxf4 exf4 31. Rxf4 Rxe1+ 32. Bxe1 Re7 33. Bg3
Be6 34. Bf2 Bf7 35. Qh4 Re5 36. Rf3 Nf5 37. Qf4 Bh5 38. Qxe5 fxe5 39. Rxf5 g5
40. Be1 Qe6 41. Rf1 Be2 42. Rf8+ Kg7 43. Rf2 Bg4 44. Bc3 Kh7 45. h3 Bf5 46. a4
h5 47. a5 e4 48. axb6 axb6 49. Re2 Qg6 50. dxe4 Bxe4 51. Rf2 Qe8 52. Kh2 Qb8+
53. g3 Qc7 54. Rf8 h4 55. Rh8+ Kg6 56. Rg8+ Kh6 57. Be1 Qe5 58. Rf8 Bc6 59. Ba4
Qe2+ 60. Rf2 Qxe1 61. Rf6+ Kg7 62. Bxc6 hxg3+ 63. Kg2 Kxf6 64. h4 Kf5 65. Bd7+
Kf4 66. Bb5 Qf2+ 67. Kh3 0-1

[Event "ICS Rated blitz match"]
[Site "207.99.83.227"]
[Date "1999.04.15"]
[Round "?"]
[White "Hossa"]
[Black "gorgon"]
[Result "1-0"]
[WhiteElo "2507"]
[BlackElo "2541"]
[PlyCount "69"]

1. e4 c5 2. Bc4 Nc6 3. Nf3 e6 4. O-O Nf6 5. e5 Nd5 6. Nc3 Nxc3 7. dxc3 d5 8.
exd6 Bxd6 9. Qd3 Qc7 10. Rd1 Be7 11. Ng5 h6 12. Ne4 O-O 13. Qe2 a6 14. Qf3 b5
15. Be2 Bb7 16. Bf4 e5 17. Be3 f5 18. Nxc5 Bxc5 19. Qd5+ Kh8 20. Qxc5 f4 21.
Qb6 Qf7 22. Bc5 e4 23. Bh5 Qxh5 24. Bxf8 Qf7 25. Bd6 Re8 26. Bxf4 Ba8 27. Be3
Ne5 28. Qxa6 Qf5 29. a4 Nf3+ 30. gxf3 exf3 31. Kh1 Kh7 32. Qxb5 Qh3 33. Rg1
Rxe3 34. Qa6 Re5 35. Qg6+ {gorgon resigns} 1-0

[Event "ICS Rated blitz match"]
[Site "207.99.83.227"]
[Date "1999.04.15"]
[Round "?"]
[White "inmortal"]
[Black "Hossa"]
[Result "1-0"]
[WhiteElo "2369"]
[BlackElo "2525"]
[Annotator "Crafty v16.6"]
[PlyCount "61"]

{annotating for player Hossa using a scoring margin of +0.10 pawns. search
time limit is 10.00} 1. e4 1... c5 2. Nc3 Nc6 3. g3 Nf6 4. Bg2 e5 5. d3 Be7 6.
Be3 O-O 7. h3 Qb6 8. Rb1 d6 ({9:+0.06} 8... d6 9. Nf3 Qd8 10. O-O d5 11. Bg5
dxe4 12. dxe4 Be6 13. Qe2 $10) ({9:+0.20} 8... Qd8 9. Nge2 d6 10. O-O Be6 11.
Nd5 Qd7 12. Nxe7+ Nxe7 13. Kh2 13... Nc6 $10) 9. Nge2 Kh8 ({9:-0.10} 9... Kh8
10. O-O Qd8 11. Nd5 Nxd5 12. exd5 Nd4 13. c3 Nf5 14. Bd2 $10) ({9:+0.17} 9...
Qd8 10. Nd5 Nxd5 11. exd5 Nd4 12. O-O Bf5 13. Qd2 Qd7 14. Nxd4 14... cxd4 $10)
10. O-O Be6 ({8:-0.48} 10... Be6 11. Nd5 Bxd5 12. exd5 Nb4 13. Nc3 Qd8 14. a3
14... Na6 $14) ({8:-0.15} 10... Nd4 11. Bd2 Qd8 12. Nxd4 cxd4 13. Nd5 Nxd5 14.
exd5 Bf5 15. Qh5 $10) 11. f4 Rae8 ({8:-0.50} 11... Rae8 12. f5 Bd7 13. Na4 Qa5
14. c4 b5 15. Nac3 bxc4 16. dxc4 $14) ({8:-0.18} 11... Qd8 12. Nd5 Bxd5 13.
exd5 Nb4 14. Nc3 exf4 15. Bxf4 Kg8 16. Re1 $10) 12. f5 Bd7 13. g4 h6 14. Ng3
Rg8 15. Kh2 Nd4 16. h4 Nxc2 17. Bd2 Nd4 18. g5 hxg5 19. hxg5 Nh7 20. Nd5 Qd8
21. Nxe7 Qxe7 22. Rh1 d5 23. Kg1 g6 24. f6 Qd6 25. Kf2 Rgf8 26. Rxh7+ Kxh7 27.
Qh1+ Kg8 28. Qh6 Qxf6+ 29. gxf6 Ne6 30. Rh1 dxe4 31. Qh7# 1-0

[Event "ICS Rated blitz match"]
[Site "207.99.83.227"]
[Date "1999.04.15"]
[Round "?"]
[White "Hossa"]
[Black "xypher"]
[Result "0-1"]
[WhiteElo "2502"]
[BlackElo "2749"]
[Annotator "Crafty v16.6"]
[PlyCount "178"]

{annotating for player Hossa using a scoring margin of +0.10 pawns. search
time limit is 10.00} 1. e4 1... e5 2. Nf3 Nc6 3. Bb5 a6 4. Bxc6 dxc6 5. O-O Qd6
6. d3 ({9:+0.19} 6. d3 6... Bg4 7. Be3 Qb4 8. b3 Nf6 9. Nbd2 Bc5 10. Bg5 $10) (
{9:+0.53} 6. d4 6... exd4 7. Nxd4 Bd7 8. e5 Qe7 9. Nc3 c5 10. Nf3 10... O-O-O
$14) 6... Ne7 7. Be3 ({9:+0.15} 7. Be3 7... f6 8. Nbd2 Be6 9. Nc4 Bxc4 10. dxc4
O-O-O 11. Qxd6 Rxd6 12. Bc5 $10) ({9:+0.33} 7. d4 7... exd4 8. Nxd4 Bd7 9. Na3
O-O-O 10. Nc4 Qc5 11. Qd3 $14) 7... Bg4 8. Nbd2 f6 9. Nc4 Qd7 10. Bc5 O-O-O 11.
Re1 Ng6 12. Bxf8 Nh4 13. Ncd2 Rhxf8 14. a4 Qe7 15. Rc1 f5 16. Qe2 fxe4 17. Qxe4
Bxf3 18. Nxf3 Nxf3+ 19. gxf3 Qg5+ 20. Kh1 Rde8 21. Rg1 Qf6 22. Qxh7 Qxf3+ 23.
Rg2 e4 24. dxe4 Rxe4 25. Qxg7 Rxa4 26. Re1 Ra2 27. Kg1 Kb8 28. h3 Rd8 29. Rg3
Qf4 30. Qc3 Qd2 31. Rb1 Qe2 32. Kg2 Rf8 33. Rf1 Qb5 34. Qg7 Qb4 35. Rg4 Qc5 36.
c4 Qf5 37. Qc3 Rd8 38. Qb3 Ra5 39. Rd1 Rf8 40. Rd2 Re5 41. f3 Rfe8 42. Qd1 Ka7
43. h4 Re1 44. Qc2 Qxc2 45. Rxc2 R1e2+ 46. Rxe2 Rxe2+ 47. Kg3 Rxb2 48. h5 Rb1
49. Kg2 Rd1 50. h6 Rd2+ 51. Kg3 Rd8 52. c5 Rh8 53. Rg6 a5 54. f4 Ka6 55. f5 a4
56. Rg4 Kb5 57. Rf4 a3 58. Rf1 Kxc5 59. Ra1 b5 60. Rxa3 Rxh6 61. Kg4 Kd4 62.
Kg5 Rh8 63. Ra7 Ke5 64. Rxc7 Rg8+ 65. Kh4 Kf4 66. Kh3 Rh8+ 67. Kg2 Rh6 68. Rf7
Ke5 69. Kg3 Rf6 70. Rb7 Rxf5 71. Kg4 Rf4+ 72. Kg3 b4 73. Re7+ Kd6 74. Re8 Rf7
75. Rd8+ Kc5 76. Kg2 b3 77. Rb8 Kc4 78. Kh3 Kc3 79. Rc8 Rf6 80. Kg4 b2 81. Kg5
Rd6 82. Rb8 Kc2 83. Re8 b1=Q 84. Ra8 Qg1+ 85. Kf5 Qg6+ 86. Kf4 Rf6+ 87. Ke5
Qf5+ 88. Kd4 Qf2+ 89. Kc4 Rf4# 0-1